Statistics for NFC Champions Quiz

Click here to take the quiz!

General Stats

  • This quiz has been taken 50 times
  • The average score is 9 of 11

Answer Stats

Years since 2005 Team % Correct
2018Los Angeles Rams
98%
2012, 2019San Francisco 49ers
98%
2005, 2013, 2014Seattle Seahawks
95%
2010Green Bay Packers
91%
2017Philadelphia Eagles
91%
2008Arizona Cardinals
81%
2015Carolina Panthers
81%
2009New Orleans Saints
81%
2016Atlanta Falcons
79%
2007, 2011New York Giants
79%
2006Chicago Bears
63%

Score Distribution

Percentile by Number Answered

Percent of People with Each Score

Your Score History

You have not taken this quiz